[Event "Lippe Cup 01st"]
[Site "Lieme"]
[Date "2004.10.24"]
[Round "5"]
[White "Buettner, Ingo"]
[Black "Wittke, Ruediger"]
[Result "0-1"]
[WhiteElo "1680"]
[BlackElo "1762"]
[PlyCount "77"]
[EventDate "2004.10.22"]
[EventType "swiss"]
[EventRounds "5"]
[EventCountry "GER"]
[SourceTitle "EXT 2012"]
[Source "ChessBase"]
[SourceDate "2011.11.24"]
[SourceVersion "1"]
[SourceVersionDate "2011.11.24"]
[SourceQuality "1"]

1. e4 e5 2. Nf3 Nc6 3. Bc4 Bc5 4. Nc3 Nf6 5. d3 h6 6. Be3 Bb6 7. h3 d6 8. Qd2 Be6 9. Bb5 Bd7 10. Nd5 Nxd5 11. exd5 Ne7 12. Bxd7+ Qxd7 13. Bxb6 axb6 14. c4 0-0 15. 0-0 f5 16. Rfe1 Ng6 17. a3 Rf6 18. Kh2 Raf8 19. Rg1 Qf7 20. Raf1 Nf4 21. d4 Ng6 22. dxe5 dxe5 23. Qc3 Re8 24. Re1 e4 25. Nd4 Nf8 26. g4 fxg4 27. Rxg4 Rxf2+ 28. Kg1 Rf4 29. Qg3 g5 30. Kg2 Ng6 31. Ne6 Rf3 32. Qxc7 Qxc7 33. Nxc7 Ref8 34. Rgxe4 Nh4+ 35. Kh2 Rf2+ 36. Kh1 Nf3 37. R1e2 Rf1+ 38. Kg2 Nh4+ 39. Kg3 0-1